Kernel methods for pattern analysis

Αποθηκεύτηκε σε:
Λεπτομέρειες βιβλιογραφικής εγγραφής
Κύριος συγγραφέας: Shawe-Taylor, John
Άλλοι συγγραφείς: Cristianini, Nello
Μορφή: Βιβλίο
Γλώσσα:English
Δημοσίευση: Cambridge, UK ; New York : Cambridge University Press, 2004 (printing 2006)
Θέματα:
Ετικέτες: Προσθήκη ετικέτας
Δεν υπάρχουν, Καταχωρήστε ετικέτα πρώτοι!

MARC

LEADER 00000nam a2200000 i 4500
001 1/48826
008 070723s20042006 eng d
020 |a 0-521-81397-2 (hbk.) 
035 |l 10089022 
040 |a GR-MY-UA  |b gre  |e aacr 
041 0 |a eng 
082 0 |a 006.31  |2 (22) 
100 1 |a Shawe-Taylor, John. 
245 1 0 |a Kernel methods for pattern analysis /  |c John Shawe-Taylor, Nello Cristianini 
260 |a Cambridge, UK ; New York :   |b Cambridge University Press,   |c 2004 (printing 2006) 
300 |a xiv, 462 σ.;  |b εικ.;  |c 26 εκ. 
500 |a Το Παράρτημα της Σάμου διαθέτει την πρώτη έκδοση [3η εκτύπωση] 2006. 
504 |a Βιβλιογραφία: σ. 450-459. Ευρετήριο 
650 0 0 |a Machine learning. 
650 0 0 |a Algorithms. 
650 0 0 |a Kernel functions. 
650 0 0 |a Pattern perception  |x Data processing. 
700 1 |a Cristianini, Nello. 
852 |a INST  |b LESVOS  |e 20070723  |h 006.31 SHA  |p 005100041450  |q 005100041450  |t BK  |y 0 
852 |a INST  |b SAMOS  |e 20080227  |h 006.31 SHA  |p 005300026775  |q 005300026775  |t BK  |y 0 
901 |a BIBL3-2008-1 
901 |a BIBL1-2007-2 
909 |a Σ  |b 142349 
909 |a Λ  |b 135930 
922 |a 3ΕΛΗ  |b 200712  |c ΕΠΕΑΕΚ2/ΤΣΑΕ  |d ΕΛΕΥΘΕΡΟΥΔΑΚΗΣ 
922 |a 1ΕΛΗ  |b 200706  |c ΕΠΕΑΕΚ2/ΤΓ  |d ΕΛΕΥΘΕΡΟΥΔΑΚΗΣ 
970 |a ΚΑΡΑ  |b ΓΙΑΣΕΜΗ  |z 2007/07/23